000 00616nam a2200229Ia 4500
003 OSt
005 20220918204406.0
006 a|||||r|||| 00| 0
007 ta
008 220917b |||||||| |||| 00| 0 eng d
024 _a112,467
037 _cTextual
040 _aARTS
_cARTS
_beng
041 _2eng
_aeng
082 _aV52,4N43, M2.1
100 _aDavidson Alastair
_9111878
245 0 _aTheory and practice of Italian communism
260 _aLondon
_bMerlin Press
_c1982
650 _aHISTORY
942 _hV52,4N43, M2.1
_cTEXL
_2CC
999 _c235816
_d235816